[Event "CECLUB Segunda División"]
[Site "Linares"]
[Date "2017.08.11"]
[Round "6"]
[White "Garcia Padron, Jose"]
[Black "Llobell Cortell, Enrique"]
[Result "1-0"]
[Board "3"]
[WhiteTitle "IM"]
[WhiteElo "2432"]
[WhiteCountry "ESP"]
[WhiteFideId "2200120"]
[WhiteEloChange "5"]
[BlackTitle "IM"]
[BlackElo "2402"]
[BlackCountry "ESP"]
[BlackFideId "2216116"]
[BlackEloChange "-5"]

1. e4 {[%clk 1:30:08]} c5 {[%clk 1:28:35]} 2. Nf3 {[%clk 1:29:18]} d6 {[%clk
1:28:45]} 3. Bb5+ {[%clk 1:27:53]} Nc6 {[%clk 1:29:07]} 4. O-O {[%clk 1:24:50]}
Bd7 {[%clk 1:29:33]} 5. Re1 {[%clk 1:24:52]} Nf6 {[%clk 1:29:41]} 6. c3 {[%clk
1:22:50]} a6 {[%clk 1:30:04]} 7. Ba4 {[%clk 1:20:38]} b5 {[%clk 1:29:16]} 8. Bc2
{[%clk 1:20:40]} e5 {[%clk 1:17:14]} 9. h3 {[%clk 1:20:10]} Be7 {[%clk 1:15:36]}
10. d4 {[%clk 1:20:25]} O-O {[%clk 0:56:40]} 11. d5 {[%clk 1:18:14]} Na7 {[%clk
0:45:57]} 12. a4 {[%clk 1:01:18]} Qb8 {[%clk 0:31:33]} 13. Nbd2 {[%clk 0:57:14]}
Nc8 {[%clk 0:27:22]} 14. b3 {[%clk 0:57:10]} Bd8 {[%clk 0:24:50]} 15. Nf1 {[%clk
0:54:19]} Ba5 {[%clk 0:12:46]} 16. Bd2 {[%clk 0:53:59]} bxa4 {[%clk 0:09:28]} 17.
bxa4 {[%clk 0:54:18]} Nb6 {[%clk 0:05:59]} 18. Ne3 {[%clk 0:54:36]} Qd8 {[%clk
0:03:25]} 19. Nh2 {[%clk 0:54:08]} Kh8 {[%clk 0:03:15]} 20. Qf3 {[%clk 0:53:31]}
Qe8 {[%clk 0:02:28]} 21. Ra2 {[%clk 0:52:42]} Ng8 {[%clk 0:02:06]} 22. Rb1 {[%clk
0:49:49]} Ne7 {[%clk 0:01:58]} 23. Qe2 {[%clk 0:48:47]} Nxa4 {[%clk 0:00:38]} 24.
Rb3 {[%clk 0:37:54]} Bc7 {[%clk 0:00:38]} 25. Rb7 {[%clk 0:38:12]} Bb5 {[%clk
0:00:32]} 26. c4 {[%clk 0:38:24]} Qc8 {[%clk 0:00:34]} 27. Rxc7 {[%clk 0:36:26]}
Qxc7 {[%clk 0:01:02]} 28. Bxa4 {[%clk 0:33:58]} Bxa4 {[%clk 0:01:32]} 29. Rxa4
{[%clk 0:34:18]} Rfb8 {[%clk 0:01:22]} 30. Ba5 {[%clk 0:33:35]} Rb1+ {[%clk
0:01:41]} 31. Nhf1 {[%clk 0:34:01]} Qb7 {[%clk 0:01:45]} 32. Kh2 {[%clk 0:34:04]}
Qd7 {[%clk 0:00:45]} 33. Ra2 {[%clk 0:33:43]} Rab8 {[%clk 0:00:33]} 34. Bc3
{[%clk 0:33:51]} R1b6 {[%clk 0:00:33]} 35. Nd2 {[%clk 0:32:18]} f6 {[%clk
0:00:32]} 36. g3 {[%clk 0:32:20]} Rf8 {[%clk 0:00:34]} 37. Kg2 {[%clk 0:32:26]}
Qe8 {[%clk 0:00:41]} 38. Qg4 {[%clk 0:31:45]} Qc8 {[%clk 0:00:51]} 39. Qe6 {[%clk
0:30:57]} Re8 {[%clk 0:00:51]} 40. Ba5 {[%clk 0:29:57]} Qxe6 {[%clk 0:01:19]} 41.
dxe6 {[%clk 0:30:14]} Rb7 {[%clk 0:00:45]} 42. Bc3 {[%clk 0:30:23]} Ra7 {[%clk
0:00:52]} 43. Nd5 {[%clk 0:28:10]} Nc8 {[%clk 0:00:34]} 44. Rb2 {[%clk 0:26:51]}
Rxe6 {[%clk 0:01:03]} 45. Rb8 {[%clk 0:26:40]} Re8 {[%clk 0:01:32]} 46. Ba5
{[%clk 0:26:50]} Rg8 {[%clk 0:00:40]} 47. Nb3 {[%clk 0:24:49]} Ne7 {[%clk
0:00:42]} 48. Rb6 {[%clk 0:24:21]} Nc8 {[%clk 0:01:10]} 49. Rc6 {[%clk 0:24:28]}
Rb7 {[%clk 0:01:31]} 50. Nd2 {[%clk 0:24:47]} Rb2 {[%clk 0:01:36]} 51. Rxa6
{[%clk 0:24:17]} Ra2 {[%clk 0:01:48]} 52. Kf3 {[%clk 0:24:33]} Re8 {[%clk
0:00:33]} 53. Ke2 {[%clk 0:23:54]} Kg8 {[%clk 0:01:01]} 54. Nc3 {[%clk 0:23:33]}
Ra1 {[%clk 0:01:09]} 55. Kd3 {[%clk 0:20:06]} Ne7 {[%clk 0:01:07]} 56. Nb5 {[%clk
0:19:50]} Rc8 {[%clk 0:00:37]} 57. Nxd6 {[%clk 0:19:24]} Rb8 {[%clk 0:00:34]} 58.
Nb5 {[%clk 0:17:52]} Rc8 {[%clk 0:01:03]} 59. Re6 {[%clk 0:10:52]} Kf7 {[%clk
0:00:48]} 60. Bc3 {[%clk 0:11:20]} Kxe6 {[%clk 0:00:36]} 61. Bxa1 {[%clk
0:11:48]} Nc6 {[%clk 0:00:34]} 62. Nb3 {[%clk 0:11:55]} Nb4+ {[%clk 0:00:32]} 63.
Ke2 {[%clk 0:11:46]} h5 {[%clk 0:00:47]} 64. Bc3 {[%clk 0:12:10]} Na6 {[%clk
0:01:02]} 65. f4 {[%clk 0:12:14]} exf4 {[%clk 0:01:18]} 66. gxf4 {[%clk 0:12:37]}
Kd7 {[%clk 0:01:10]} 67. Kf3 {[%clk 0:12:34]} Rd8 {[%clk 0:00:52]} 68. Ba5 {[%clk
0:10:13]} Re8 {[%clk 0:01:12]} 69. Nc1 {[%clk 0:10:25]} Nb8 {[%clk 0:01:01]} 70.
Nd3 {[%clk 0:10:40]} Kc6 {[%clk 0:01:20]} 71. Nc7 {[%clk 0:10:00]} Rg8 {[%clk
0:01:10]} 72. Nd5 {[%clk 0:10:13]} Re8 {[%clk 0:01:11]} 73. f5 {[%clk 0:09:57]}
Nd7 {[%clk 0:01:31]} 74. Bc3 {[%clk 0:10:20]} Ra8 {[%clk 0:00:49]} 75. N3f4
{[%clk 0:10:21]} Ra4 {[%clk 0:00:36]} 76. Nxh5 {[%clk 0:10:27]} Rxc4 {[%clk
0:01:05]} 77. Nxg7 {[%clk 0:10:38]} Nb6 {[%clk 0:01:27]} 78. Bxf6 {[%clk
0:10:46]} Nxd5 {[%clk 0:01:46]} 79. exd5+ {[%clk 0:11:12]} Kxd5 {[%clk 0:02:12]}
80. Be7 {[%clk 0:10:55]} Ke5 {[%clk 0:01:14]} 81. h4 {[%clk 0:08:16]} Rc1 {[%clk
0:00:33]} 82. h5 {[%clk 0:08:21]} Rh1 {[%clk 0:00:34]} 83. f6 {[%clk 0:08:07]}
Rf1+ {[%clk 0:00:34]} 84. Ke2 {[%clk 0:08:28]} Rf4 {[%clk 0:00:32]} 85. h6 {[%clk
0:08:38]} Re4+ {[%clk 0:00:31]} 86. Kd3 {[%clk 0:08:42]} Rd4+ {[%clk 0:00:49]}
87. Kc3 {[%clk 0:09:07]} Rh4 {[%clk 0:00:33]} 88. f7 {[%clk 0:09:07]} Kd5 {[%clk
0:00:33]} 1-0

[Event "CECLUB Segunda División"]
[Site "Linares"]
[Date "2017.08.11"]
[Round "6"]
[White "Pallardo Lozoya, Jose Vicente"]
[Black "Bellon Lopez, Juan Manuel"]
[Result "1-0"]
[Board "4"]
[WhiteTitle "FM"]
[WhiteElo "2389"]
[WhiteCountry "ESP"]
[WhiteFideId "2230380"]
[WhiteEloChange "8"]
[BlackTitle "GM"]
[BlackElo "2319"]
[BlackCountry "ESP"]
[BlackFideId "2200031"]
[BlackEloChange "-8"]

1. e4 {[%clk 1:30:53]} c5 {[%clk 1:31:18]} 2. Nc3 {[%clk 1:31:10]} Nc6 {[%clk
1:30:56]} 3. g3 {[%clk 1:30:48]} g6 {[%clk 1:31:09]} 4. Bg2 {[%clk 1:30:50]} Bg7
{[%clk 1:31:30]} 5. d3 {[%clk 1:30:40]} d6 {[%clk 1:31:26]} 6. Nh3 {[%clk
1:28:45]} e6 {[%clk 1:28:05]} 7. O-O {[%clk 1:27:19]} Nge7 {[%clk 1:28:29]} 8.
Be3 {[%clk 1:26:25]} O-O {[%clk 1:27:59]} 9. Qd2 {[%clk 1:26:20]} Rb8 {[%clk
1:27:50]} 10. Bh6 {[%clk 1:25:16]} Bxh6 {[%clk 1:21:33]} 11. Qxh6 {[%clk
1:25:39]} f6 {[%clk 1:21:58]} 12. Qd2 {[%clk 1:21:54]} Qa5 {[%clk 1:19:25]} 13.
f4 {[%clk 1:13:41]} Nd4 {[%clk 1:18:46]} 14. Nf2 {[%clk 1:09:03]} b5 {[%clk
1:16:09]} 15. Ng4 {[%clk 1:01:54]} b4 {[%clk 1:08:17]} 16. Nd1 {[%clk 0:59:37]}
e5 {[%clk 0:58:59]} 17. Nde3 {[%clk 0:47:41]} Bxg4 {[%clk 0:51:09]} 18. Nxg4
{[%clk 0:47:19]} h5 {[%clk 0:42:25]} 19. Ne3 {[%clk 0:36:35]} Qc7 {[%clk
0:38:53]} 20. Bh3 {[%clk 0:33:33]} Kg7 {[%clk 0:34:50]} 21. Rf2 {[%clk 0:32:21]}
exf4 {[%clk 0:30:14]} 22. Rxf4 {[%clk 0:30:16]} d5 {[%clk 0:27:53]} 23. Bg2
{[%clk 0:26:56]} dxe4 {[%clk 0:27:42]} 24. Rxe4 {[%clk 0:20:11]} f5 {[%clk
0:27:14]} 25. Rh4 {[%clk 0:19:05]} Rf6 {[%clk 0:22:36]} 26. Re1 {[%clk 0:15:45]}
Rbf8 {[%clk 0:20:08]} 27. c3 {[%clk 0:14:34]} bxc3 {[%clk 0:19:47]} 28. bxc3
{[%clk 0:14:58]} Ne6 {[%clk 0:17:54]} 29. Rc4 {[%clk 0:09:06]} Qd6 {[%clk
0:17:17]} 30. Ra4 {[%clk 0:08:48]} Qc7 {[%clk 0:14:16]} 31. Rc4 {[%clk 0:06:36]}
Qd6 {[%clk 0:11:06]} 32. d4 {[%clk 0:05:07]} f4 {[%clk 0:10:22]} 33. gxf4 {[%clk
0:05:32]} cxd4 {[%clk 0:10:19]} 34. f5 {[%clk 0:04:31]} Qf4 {[%clk 0:08:06]} 35.
cxd4 {[%clk 0:03:39]} Ng5 {[%clk 0:04:34]} 36. Nf1 {[%clk 0:02:59]} Nd5 {[%clk
0:03:24]} 37. Bxd5 {[%clk 0:02:54]} Nh3+ {[%clk 0:03:43]} 38. Kh1 {[%clk
0:02:46]} Rxf5 {[%clk 0:01:27]} 39. Qxf4 {[%clk 0:02:40]} Rxf4 {[%clk 0:01:28]}
40. Bg2 {[%clk 0:02:41]} Nf2+ {[%clk 0:01:44]} 41. Kg1 {[%clk 0:03:07]} h4 {[%clk
0:02:03]} 42. h3 {[%clk 0:02:46]} R8f7 {[%clk 0:02:04]} 43. Rc2 {[%clk 0:02:05]}
Nd3 {[%clk 0:02:12]} 44. Re4 {[%clk 0:02:16]} R4f5 {[%clk 0:01:59]} 45. Rd2
{[%clk 0:02:26]} Nf4 {[%clk 0:02:17]} 46. Ne3 {[%clk 0:02:07]} Ra5 {[%clk
0:02:01]} 47. d5 {[%clk 0:02:24]} g5 {[%clk 0:00:55]} 48. Re5 {[%clk 0:02:40]}
Ra3 {[%clk 0:00:44]} 49. d6 {[%clk 0:02:15]} Ng6 {[%clk 0:00:38]} 50. d7 {[%clk
0:01:58]} 1-0

[Event "CECLUB Segunda División"]
[Site "Linares"]
[Date "2017.08.11"]
[Round "6"]
[White "Castella Garcia, Fausto"]
[Black "Suarez Garcia, Carlos"]
[Result "1/2-1/2"]
[Board "1"]
[WhiteTitle "FM"]
[WhiteElo "2308"]
[WhiteCountry "ESP"]
[WhiteFideId "3501922"]
[WhiteEloChange "4"]
[BlackTitle "IM"]
[BlackElo "2462"]
[BlackCountry "ESP"]
[BlackFideId "22230858"]
[BlackEloChange "-2"]

1. e4 {[%clk 1:30:45]} c5 {[%clk 1:30:40]} 2. Nc3 {[%clk 1:30:30]} e6 {[%clk
1:30:50]} 3. Nf3 {[%clk 1:30:51]} a6 {[%clk 1:31:13]} 4. d4 {[%clk 1:31:17]} cxd4
{[%clk 1:31:38]} 5. Nxd4 {[%clk 1:31:44]} Qc7 {[%clk 1:32:00]} 6. Be2 {[%clk
1:26:25]} Nc6 {[%clk 1:32:01]} 7. Be3 {[%clk 1:26:44]} Nf6 {[%clk 1:32:23]} 8.
O-O {[%clk 1:27:07]} Bb4 {[%clk 1:32:48]} 9. Na4 {[%clk 1:27:25]} Be7 {[%clk
1:33:11]} 10. Nxc6 {[%clk 1:27:32]} bxc6 {[%clk 1:33:19]} 11. Bb6 {[%clk
1:26:44]} Qf4 {[%clk 1:29:15]} 12. Bd3 {[%clk 1:24:28]} d5 {[%clk 1:22:32]} 13.
Be3 {[%clk 1:04:41]} Qc7 {[%clk 1:19:29]} 14. Nb6 {[%clk 1:04:32]} Rb8 {[%clk
1:19:35]} 15. Nxc8 {[%clk 1:04:51]} Qxc8 {[%clk 1:19:53]} 16. exd5 {[%clk
1:01:11]} cxd5 {[%clk 1:14:41]} 17. Bd4 {[%clk 0:58:59]} O-O {[%clk 1:14:47]} 18.
b3 {[%clk 0:55:37]} a5 {[%clk 1:14:04]} 19. a4 {[%clk 0:54:43]} Qc7 {[%clk
1:09:13]} 20. Re1 {[%clk 0:46:10]} Ne8 {[%clk 1:06:02]} 21. Re3 {[%clk 0:45:07]}
g6 {[%clk 1:04:32]} 22. Bb5 {[%clk 0:33:45]} Ng7 {[%clk 0:55:59]} 23. g4 {[%clk
0:21:01]} Bd6 {[%clk 0:45:56]} 24. Qe2 {[%clk 0:13:12]} f6 {[%clk 0:39:58]} 25.
Rxe6 {[%clk 0:11:34]} Nxe6 {[%clk 0:40:08]} 26. Qxe6+ {[%clk 0:12:00]} Kg7 {[%clk
0:40:29]} 27. Re1 {[%clk 0:10:04]} Bxh2+ {[%clk 0:40:54]} 28. Kg2 {[%clk
0:10:15]} Bf4 {[%clk 0:41:15]} 29. Bd7 {[%clk 0:07:07]} Qd6 {[%clk 0:35:36]} 30.
Qxd6 {[%clk 0:07:10]} Bxd6 {[%clk 0:36:04]} 31. g5 {[%clk 0:07:20]} Be5 {[%clk
0:35:10]} 32. Bxe5 {[%clk 0:07:45]} fxe5 {[%clk 0:35:37]} 33. Rxe5 {[%clk
0:08:12]} Rbd8 {[%clk 0:35:57]} 34. Bb5 {[%clk 0:06:46]} Rf4 {[%clk 0:32:19]} 35.
Bd3 {[%clk 0:05:46]} Kf7 {[%clk 0:32:24]} 36. Kg3 {[%clk 0:06:01]} Rd4 {[%clk
0:32:45]} 37. Re3 {[%clk 0:05:57]} Rb4 {[%clk 0:31:51]} 38. f4 {[%clk 0:05:31]}
Rb6 {[%clk 0:30:45]} 1/2-1/2

[Event "CECLUB Segunda División"]
[Site "Linares"]
[Date "2017.08.11"]
[Round "6"]
[White "Aguera Naredo, Javier"]
[Black "Serarols Mabras, Bernat"]
[Result "1/2-1/2"]
[Board "2"]
[WhiteTitle "FM"]
[WhiteElo "2386"]
[WhiteCountry "ESP"]
[WhiteFideId "2204169"]
[WhiteEloChange "-4"]
[BlackTitle "FM"]
[BlackElo "2218"]
[BlackCountry "ESP"]
[BlackFideId "2238276"]
[BlackEloChange "4"]

1. e4 {[%clk 1:30:56]} c6 {[%clk 1:30:06]} 2. d4 {[%clk 1:31:11]} d5 {[%clk
1:30:15]} 3. e5 {[%clk 1:31:28]} Bf5 {[%clk 1:30:31]} 4. h4 {[%clk 1:31:48]} h5
{[%clk 1:30:31]} 5. Bd3 {[%clk 1:32:10]} Bxd3 {[%clk 1:29:53]} 6. Qxd3 {[%clk
1:32:36]} e6 {[%clk 1:30:00]} 7. Bg5 {[%clk 1:33:02]} Be7 {[%clk 1:29:01]} 8. Nf3
{[%clk 1:33:26]} Nh6 {[%clk 1:28:52]} 9. Nc3 {[%clk 1:31:22]} Nf5 {[%clk
1:24:18]} 10. O-O-O {[%clk 1:28:45]} Nd7 {[%clk 1:18:41]} 11. g3 {[%clk 1:24:39]}
b5 {[%clk 1:08:59]} 12. Kb1 {[%clk 1:22:33]} a5 {[%clk 1:07:32]} 13. Ne2 {[%clk
1:19:43]} Nb6 {[%clk 0:59:41]} 14. Nf4 {[%clk 1:17:04]} g6 {[%clk 0:54:57]} 15.
Qe2 {[%clk 1:13:22]} Nc4 {[%clk 0:50:03]} 16. Nd3 {[%clk 1:11:00]} Qb6 {[%clk
0:49:36]} 17. Nc1 {[%clk 1:06:28]} a4 {[%clk 0:45:43]} 18. Rd3 {[%clk 1:03:58]}
Bxg5 {[%clk 0:42:02]} 19. hxg5 {[%clk 1:04:22]} Ke7 {[%clk 0:42:17]} 20. Rhd1
{[%clk 1:00:04]} a3 {[%clk 0:37:19]} 21. b4 {[%clk 1:00:07]} Nb2 {[%clk 0:33:49]}
22. Nh4 {[%clk 0:58:35]} Ra4 {[%clk 0:30:43]} 23. c3 {[%clk 0:58:41]} Kf8 {[%clk
0:30:16]} 24. Nb3 {[%clk 0:58:34]} Ra7 {[%clk 0:29:34]} 25. Nc5 {[%clk 0:57:07]}
Kg7 {[%clk 0:29:21]} 26. R1d2 {[%clk 0:56:42]} Nxd3 {[%clk 0:29:26]} 27. Rxd3
{[%clk 0:56:54]} Qd8 {[%clk 0:29:33]} 28. Qd2 {[%clk 0:56:05]} Qe7 {[%clk
0:28:04]} 29. Rf3 {[%clk 0:54:30]} Rh7 {[%clk 0:26:56]} 30. Rxf5 {[%clk 0:51:39]}
gxf5 {[%clk 0:26:05]} 1/2-1/2

[Event "CECLUB Segunda División"]
[Site "Linares"]
[Date "2017.08.11"]
[Round "6"]
[White "Bas Mas, Miguel"]
[Black "Alvarez Fernandez, Enrique"]
[Result "0-1"]
[Board "3"]
[WhiteElo "2236"]
[WhiteCountry "ESP"]
[WhiteFideId "2237954"]
[WhiteEloChange "-8"]
[BlackTitle "FM"]
[BlackElo "2310"]
[BlackCountry "ESP"]
[BlackFideId "2227398"]
[BlackEloChange "8"]

1. e4 {[%clk 1:30:55]} c5 {[%clk 1:30:53]} 2. Nc3 {[%clk 1:30:20]} d6 {[%clk
1:30:59]} 3. f4 {[%clk 1:30:40]} g6 {[%clk 1:29:44]} 4. Nf3 {[%clk 1:30:31]} Bg7
{[%clk 1:29:44]} 5. Bb5+ {[%clk 1:28:12]} Bd7 {[%clk 1:26:14]} 6. Be2 {[%clk
1:25:50]} Nc6 {[%clk 1:24:45]} 7. O-O {[%clk 1:25:57]} Nd4 {[%clk 1:14:53]} 8. a4
{[%clk 1:20:52]} e6 {[%clk 1:12:34]} 9. Nb5 {[%clk 1:16:08]} Nxb5 {[%clk
1:05:10]} 10. Bxb5 {[%clk 1:14:08]} Bxb5 {[%clk 1:03:25]} 11. axb5 {[%clk
1:14:36]} Ne7 {[%clk 1:02:54]} 12. Rb1 {[%clk 1:09:15]} O-O {[%clk 0:58:20]} 13.
Kh1 {[%clk 1:08:46]} Qb6 {[%clk 0:56:32]} 14. c4 {[%clk 1:04:37]} a6 {[%clk
0:53:47]} 15. b4 {[%clk 1:03:58]} axb5 {[%clk 0:47:57]} 16. bxc5 {[%clk 1:03:53]}
Qxc5 {[%clk 0:48:04]} 17. cxb5 {[%clk 1:00:38]} Rfc8 {[%clk 0:45:21]} 18. d4
{[%clk 0:57:28]} Qc4 {[%clk 0:39:50]} 19. Bd2 {[%clk 0:52:54]} d5 {[%clk
0:36:19]} 20. e5 {[%clk 0:52:03]} h5 {[%clk 0:33:48]} 21. Rb4 {[%clk 0:46:03]}
Qc2 {[%clk 0:32:23]} 22. Qb1 {[%clk 0:45:09]} Nf5 {[%clk 0:29:35]} 23. Rc1 {[%clk
0:45:02]} Qxb1 {[%clk 0:28:29]} 24. Rbxb1 {[%clk 0:45:01]} Rc4 {[%clk 0:25:30]}
25. Rxc4 {[%clk 0:41:13]} dxc4 {[%clk 0:25:58]} 26. Rc1 {[%clk 0:41:42]} Ra4
{[%clk 0:25:02]} 27. Kg1 {[%clk 0:40:22]} Bf8 {[%clk 0:22:23]} 28. Kf2 {[%clk
0:38:33]} Be7 {[%clk 0:22:30]} 29. Rc2 {[%clk 0:34:58]} Bd8 {[%clk 0:22:24]} 30.
g3 {[%clk 0:26:23]} Bb6 {[%clk 0:21:07]} 31. Bc3 {[%clk 0:25:44]} Ra3 {[%clk
0:18:59]} 32. Ke2 {[%clk 0:24:51]} Rb3 {[%clk 0:15:56]} 33. Nd2 {[%clk 0:23:30]}
Bxd4 {[%clk 0:11:33]} 34. Nxb3 {[%clk 0:23:50]} cxb3 {[%clk 0:11:55]} 35. Rc1
{[%clk 0:22:08]} Bxc3 {[%clk 0:11:53]} 36. Kd3 {[%clk 0:22:35]} b2 {[%clk
0:08:56]} 37. Rb1 {[%clk 0:23:04]} Bd4 {[%clk 0:09:11]} 38. Kc2 {[%clk 0:23:33]}
f6 {[%clk 0:08:35]} 39. exf6 {[%clk 0:23:43]} b6 {[%clk 0:08:23]} 40. Re1 {[%clk
0:23:21]} Kf7 {[%clk 0:08:44]} 41. Re4 {[%clk 0:23:50]} Kxf6 {[%clk 0:07:45]} 42.
h3 {[%clk 0:24:05]} Bc5 {[%clk 0:07:54]} 43. Kxb2 {[%clk 0:23:46]} Nxg3 {[%clk
0:08:12]} 44. Rc4 {[%clk 0:24:15]} Nf5 {[%clk 0:08:24]} 45. h4 {[%clk 0:22:05]}
Nd6 {[%clk 0:08:42]} 46. Rc2 {[%clk 0:22:06]} Nxb5 {[%clk 0:09:02]} 47. Rg2
{[%clk 0:22:06]} Nd6 {[%clk 0:09:14]} 48. Kb3 {[%clk 0:22:57]} Nf5 {[%clk
0:09:31]} 0-1

[Event "CECLUB Segunda División"]
[Site "Linares"]
[Date "2017.08.11"]
[Round "6"]
[White "Arias Torio, Sergio"]
[Black "Jimenez Mompo, Candido"]
[Result "0-1"]
[Board "4"]
[WhiteElo "2109"]
[WhiteCountry "ESP"]
[WhiteFideId "2226472"]
[WhiteEloChange "-13"]
[BlackElo "1993"]
[BlackCountry "ESP"]
[BlackFideId "22250140"]
[BlackEloChange "13"]

1. e4 {[%clk 1:30:51]} c5 {[%clk 1:30:52]} 2. Nc3 {[%clk 1:31:12]} Nc6 {[%clk
1:30:39]} 3. f4 {[%clk 1:31:33]} g6 {[%clk 1:27:52]} 4. Nf3 {[%clk 1:31:57]} Bg7
{[%clk 1:28:16]} 5. Bb5 {[%clk 1:32:15]} Nd4 {[%clk 1:23:24]} 6. O-O {[%clk
1:32:13]} a6 {[%clk 1:22:45]} 7. Ba4 {[%clk 1:32:25]} b5 {[%clk 1:21:22]} 8. Bb3
{[%clk 1:31:29]} c4 {[%clk 1:19:34]} 9. e5 {[%clk 1:31:08]} Nxf3+ {[%clk
1:18:28]} 10. Qxf3 {[%clk 1:30:59]} Rb8 {[%clk 1:18:50]} 11. d4 {[%clk 1:31:19]}
Nh6 {[%clk 1:15:29]} 12. g4 {[%clk 1:29:10]} Bb7 {[%clk 0:56:37]} 13. Qg3 {[%clk
1:21:57]} d6 {[%clk 0:43:32]} 14. Ne2 {[%clk 1:04:47]} cxb3 {[%clk 0:42:43]} 15.
c3 {[%clk 0:39:50]} Qc8 {[%clk 0:27:55]} 16. h3 {[%clk 0:36:01]} Qc4 {[%clk
0:27:08]} 17. Rf2 {[%clk 0:34:31]} Qd5 {[%clk 0:27:06]} 18. Kf1 {[%clk 0:32:10]}
f5 {[%clk 0:19:48]} 19. axb3 {[%clk 0:31:06]} O-O {[%clk 0:18:37]} 20. g5 {[%clk
0:29:21]} Nf7 {[%clk 0:18:59]} 21. b4 {[%clk 0:29:44]} dxe5 {[%clk 0:17:01]} 22.
fxe5 {[%clk 0:30:01]} Bxe5 {[%clk 0:16:35]} 0-1

[Event "CECLUB Segunda División"]
[Site "Linares"]
[Date "2017.08.11"]
[Round "6"]
[White "Mascaro March, Pedro"]
[Black "Montoliu Cervero, Francisco"]
[Result "0-1"]
[Board "1"]
[WhiteTitle "IM"]
[WhiteElo "2387"]
[WhiteCountry "ESP"]
[WhiteFideId "2217570"]
[WhiteEloChange "-10"]
[BlackTitle "FM"]
[BlackElo "2384"]
[BlackCountry "ESP"]
[BlackFideId "2214814"]
[BlackEloChange "10"]

1. d4 {[%clk 1:30:31]} d5 {[%clk 1:30:41]} 2. Nf3 {[%clk 1:30:39]} Nf6 {[%clk
1:30:56]} 3. c4 {[%clk 1:30:59]} dxc4 {[%clk 1:30:57]} 4. Qa4+ {[%clk 1:28:14]}
Nbd7 {[%clk 1:26:18]} 5. g3 {[%clk 1:27:44]} a6 {[%clk 1:20:35]} 6. Qxc4 {[%clk
1:28:00]} e6 {[%clk 1:19:10]} 7. Bg2 {[%clk 1:27:53]} b5 {[%clk 1:18:24]} 8. Qc2
{[%clk 1:27:50]} Bb7 {[%clk 1:18:00]} 9. O-O {[%clk 1:26:59]} c5 {[%clk 1:17:21]}
10. Bg5 {[%clk 1:15:37]} Rc8 {[%clk 1:13:02]} 11. Qd1 {[%clk 1:14:34]} c4 {[%clk
1:05:55]} 12. a4 {[%clk 1:12:04]} Be7 {[%clk 1:01:06]} 13. axb5 {[%clk 1:08:50]}
axb5 {[%clk 0:59:59]} 14. Nc3 {[%clk 1:06:53]} b4 {[%clk 0:56:18]} 15. Na4 {[%clk
0:45:23]} O-O {[%clk 0:53:08]} 16. Ne5 {[%clk 0:32:15]} Bxg2 {[%clk 0:50:30]} 17.
Kxg2 {[%clk 0:32:13]} Qc7 {[%clk 0:42:36]} 18. Nxd7 {[%clk 0:30:50]} Qxd7 {[%clk
0:42:54]} 19. Kg1 {[%clk 0:30:41]} Qb5 {[%clk 0:41:45]} 20. Bxf6 {[%clk 0:27:29]}
Bxf6 {[%clk 0:41:55]} 21. e3 {[%clk 0:27:49]} Rfd8 {[%clk 0:37:02]} 22. f4 {[%clk
0:24:16]} g6 {[%clk 0:35:12]} 23. Qe2 {[%clk 0:24:04]} Qc6 {[%clk 0:32:03]} 24.
Qg2 {[%clk 0:22:27]} Rd5 {[%clk 0:28:31]} 25. Rfc1 {[%clk 0:21:40]} Kg7 {[%clk
0:24:27]} 26. b3 {[%clk 0:18:34]} c3 {[%clk 0:17:02]} 27. Ra2 {[%clk 0:15:54]}
Be7 {[%clk 0:16:04]} 28. h3 {[%clk 0:14:47]} Qb5 {[%clk 0:12:34]} 29. Qf1 {[%clk
0:13:36]} Qc6 {[%clk 0:11:58]} 30. Kh2 {[%clk 0:06:56]} f6 {[%clk 0:10:44]} 31.
Nb2 {[%clk 0:06:21]} e5 {[%clk 0:09:19]} 32. fxe5 {[%clk 0:05:15]} fxe5 {[%clk
0:09:38]} 33. Nc4 {[%clk 0:04:14]} exd4 {[%clk 0:08:50]} 34. e4 {[%clk 0:03:43]}
Rdd8 {[%clk 0:08:37]} 35. Ra7 {[%clk 0:03:03]} Qe6 {[%clk 0:07:43]} 36. Qd3
{[%clk 0:03:01]} Kg8 {[%clk 0:07:20]} 37. Rca1 {[%clk 0:03:05]} Bc5 {[%clk
0:06:16]} 38. R7a6 {[%clk 0:01:41]} Rc6 {[%clk 0:06:27]} 39. Ra8 {[%clk 0:00:50]}
Rxa8 {[%clk 0:06:39]} 40. Rxa8+ {[%clk 0:01:19]} Kg7 {[%clk 0:05:53]} 41. Na5
{[%clk 0:01:13]} Rc7 {[%clk 0:05:32]} 42. Ra6 {[%clk 0:01:36]} Qf7 {[%clk
0:05:08]} 43. Kg2 {[%clk 0:02:02]} Rc8 {[%clk 0:04:29]} 44. Nc4 {[%clk 0:01:52]}
Rf8 {[%clk 0:04:28]} 45. Ra2 {[%clk 0:02:12]} Qf6 {[%clk 0:04:20]} 46. Rc2 {[%clk
0:02:07]} Qe6 {[%clk 0:03:47]} 47. Ra2 {[%clk 0:02:23]} Re8 {[%clk 0:03:51]} 48.
Re2 {[%clk 0:02:43]} Ra8 {[%clk 0:03:40]} 49. Rf2 {[%clk 0:02:57]} Ra1 {[%clk
0:03:38]} 50. g4 {[%clk 0:03:02]} Re1 {[%clk 0:03:43]} 51. Re2 {[%clk 0:03:16]}
Rc1 {[%clk 0:03:21]} 52. Rf2 {[%clk 0:02:48]} Kg8 {[%clk 0:03:03]} 53. Rf1 {[%clk
0:02:20]} Rxf1 {[%clk 0:03:22]} 54. Kxf1 {[%clk 0:02:49]} Qf6+ {[%clk 0:03:36]}
55. Ke2 {[%clk 0:02:10]} Qf4 {[%clk 0:03:52]} 56. Na5 {[%clk 0:01:19]} Kg7 {[%clk
0:03:18]} 57. Kd1 {[%clk 0:00:43]} Kh6 {[%clk 0:03:08]} 58. Nc4 {[%clk 0:00:52]}
Kg5 {[%clk 0:03:15]} 59. e5 {[%clk 0:00:52]} Kh4 {[%clk 0:02:44]} 60. e6 {[%clk
0:01:17]} Be7 {[%clk 0:02:28]} 61. Kc2 {[%clk 0:00:33]} Qf2+ {[%clk 0:02:26]} 62.
Kd1 {[%clk 0:00:46]} Bg5 {[%clk 0:02:21]} 63. Ne5 {[%clk 0:00:45]} c2+ {[%clk
0:02:31]} 0-1